000 00712nam a2200253Ia 4500
003 OSt
005 20221006142922.0
006 a|||||r|||| 00| 0
007 ta
008 221006b |||||||| |||| 00| 0 eng d
020 _a9780485113853
_c1291.50
024 _a7,535
037 _cTextual
040 _aEASL
_cEASL
_beng
041 _2eng
_aeng
082 _aV42:594.N89, N0
100 _aDRIFTE Reinhard
_9599682
245 0 _aJapan's rise to international responsibilities
_b The case of arms control
260 _aLondon
_bAthlone Press
_c1990
300 _a112p.
_ccm.
490 _v JEL
942 _hV42:594.N89, N0
_cTEXL
_2CC
999 _c1075621
_d1075621